[Event "Rapperswil Jona op 3rd"]
[Site "Rapperswil"]
[Date "2010.07.03"]
[Round "4"]
[White "Falossi, Ati"]
[Black "Rhyner, Markus"]
[Result "1-0"]
[WhiteElo "1593"]
[BlackElo "1706"]
[PlyCount "62"]
[EventDate "2010.07.01"]
[EventType "swiss"]
[EventRounds "7"]
[EventCountry "SUI"]
[SourceTitle "CBM 137 Extra"]
[Source "ChessBase"]
[SourceDate "2010.09.01"]
[SourceVersion "1"]
[SourceVersionDate "2010.09.01"]
[SourceQuality "1"]

1. e4 b6 2. d4 Bb7 3. Nc3 e6 4. Bd3 Bb4 5. Qg4 g6 6. Bg5 f6 7. Bd2 Qe7 8. 0-0-0 Bxc3 9. Bxc3 d5 10. Ne2 Nh6 11. Qh4 Nf7 12. exd5 Bxd5 13. Nf4 g5 14. Nxd5 gxh4 15. Nxe7 Kxe7 16. Rhe1 Nd7 17. Bf5 e5 18. dxe5 Ndxe5 19. f4 Rhg8 20. fxe5 fxe5 21. Bxe5 Nxe5 22. Rxe5+ Kf6 23. Rde1 Rg5 24. Be4 Rxe5 25. Rf1+ Ke6 26. Bxa8 Kd6 27. Rd1+ Kc5 28. Rd7 h6 29. Rxc7+ Kb5 30. c4+ Ka6 31. b4 Re8 1-0

[Event "Rapperswil Jona op"]
[Site "Rapperswil"]
[Date "2009.07.04"]
[Round "2"]
[White "Schiendorfer, Emanuel"]
[Black "Rhyner, Markus"]
[Result "1-0"]
[WhiteElo "2274"]
[BlackElo "1759"]
[PlyCount "35"]
[EventDate "2009.07.03"]
[EventType "swiss"]
[EventRounds "5"]
[EventCountry "SUI"]
[SourceTitle "EXT 2010"]
[Source "ChessBase"]
[SourceDate "2010.11.25"]
[SourceVersion "1"]
[SourceVersionDate "2010.11.25"]
[SourceQuality "1"]

1. d4 d5 2. c4 dxc4 3. e3 Nf6 4. Bxc4 e6 5. Nf3 Bd6 6. Nc3 b6 7. e4 Bb4 8. Qa4+ Nc6 9. Bb5 Bxc3+ 10. bxc3 Bd7 11. Bxc6 Nxe4 12. Ne5 Bxc6 13. Qxc6+ Ke7 14. Qxe4 Qd6 15. Nc4 Qd7 16. Ba3+ c5 17. dxc5 f5 18. c6+ 1-0